Statistiken für Deutsche YouTuber mit den meisten Abonnenten

Klicken Sie hier um das Quiz zu spielen!

Allgemein

  • Dieses Quiz wurde 2.365 mal gespielt
    (2.285 seit der letzten Aktualisierung)
  • Das Durchschnittsergebnis liegt bei 11 aus 100

Antwortstatistiken

#AbonnentenKanalname% Korrekt
65.680.000BibisBeautyPalace
72%
75.595.000Julien Bam
71%
243.454.000Paluten
67%
104.866.300Gronkh
61%
632.143.000MontanaBlack
61%
283.201.000GermanLetsPlay
48%
154.010.000Dagi Bee
47%
332.899.000rewinside
47%
173.914.000Julienco
40%
27.975.000freekickerz
36%
183.914.000LUCA
36%
273.208.000Felix von der Laden
34%
821.854.000unsympathischTV
26%
891.811.000Zombey
26%
602.196.000inscope21
23%
193.842.000ApeCrime
21%
472.469.000ApeCrimeTV
21%
19.569.000Kurzgesagt - In a Nutshell
21%
552.345.000PietSmiet
21%
771.892.000Julia Beautx
19%
124.409.000Simon Desue
18%
751.925.000SpontanaBlack
18%
293.145.000YTITTY
17%
452.620.000iBlali
15%
482.448.000Standart Skill
15%
881.813.000iCrimax
14%
502.418.000Leon Machère
14%
442.635.000Shirin David
13%
721.989.000kel
12%
652.099.000PrankBrosTV
11%
731.974.000Sarazar
11%
512.408.000DieAussenseiter
10%
303.123.000Freshtorge
10%
323.029.000LeFloid
9%
991.717.000CrispyRob
8%
392.700.000DieLochis
8%
791.880.000Melina Sophie
8%
114.709.000HaerteTest
7%
861.830.000Paola Maria
7%
911.757.000Arazhul
6%
931.739.000Capital Bra
6%
921.740.000Dima
6%
382.746.000JONAS
6%
144.243.000Rammstein Official
6%
95.121.000The Voice Kids
6%
372.821.000BUSHIDO
5%
46.122.000Crazy Frog
5%
85.173.000Kontor.TV
5%
841.846.000BULLSHIT TV
4%
412.690.000Galileo
4%
36.368.000Kinder Spielzeug Kanal
4%
562.339.000MERO
4%
522.395.000Emrah
3%
134.255.000Ice Cream Rolls
3%
462.531.000Made My Day
3%
203.812.000Ameer Bros
2%
422.690.000BangerChannel
2%
851.838.000Jay & Arya
2%
871.818.000JP Performance
2%
662.071.000KinoCheck
2%
402.696.000KinoCheck International
2%
362.868.000Robin Schulz
2%
951.736.000Slivki Show DE
2%
831.847.000xLaeta
2%
961.732.000AGGRO.TV
1%
253.248.000ArkivaShqip
1%
233.460.000clips mix
1%
213.621.000COLORS
1%
223.488.000Craftronix
1%
692.004.000CrhymeTV
1%
612.191.000Dhruv Rathee
1%
263.212.000Entertainment Access
1%
542.363.000EUROPA KInderprogramm
1%
701.998.000Jarow
1%
682.033.000KMNGANG
1%
711.989.000MySpass
1%
672.070.000ProsafiaGaming
1%
801.879.000Scorpions
1%
55.776.000SurpriseJoe
1%
163.953.000TheFatRat
1%
901.761.000TopZehn
1%
1001.715.000Unique Vibes
1%
352.879.00050KTITTIT
0%
741.946.000AirwaveMusicTV
0%
941.737.000briQle
0%
642.126.000Calisthenicmovement
0%
781.884.000ClayClaim
0%
971.729.000Digster Pop
0%
622.145.000Elif Karaman
0%
811.858.000HooplaKidz Deutsch
0%
432.683.000Ikram Bellanova
0%
572.295.000JoergSprave
0%
981.719.000Lala Tutie
0%
342.898.800Mohamed Gowana محمد جواني
0%
761.911.000monsterchannel24
0%
592.206.000Nuclear Blast Records
0%
492.429.000Selected.
0%
313.121.000Toy Art
0%
582.216.000URBAN DANCE CAMP
0%
532.387.000xKito Music
0%

Verteilung der Resultate

Perzentil nach korrekt beantworteten Fragen

Anzahl Personen mit jedem Resultat

Ihre Resultats-Entwicklung

Sie haben dieses Quiz seit der letzten Aktualisierung nicht gespielt